English in use : (Record no. 141400)

MARC details
000 -LEADER
fixed length control field 00683nam a22001817a 4500
005 - DATE AND TIME OF LATEST TRANSACTION
control field 20170630161952.0
010 ## - LCCN (DPL NO)
LC control number ENG-118872
020 ## - INTERNATIONAL STANDARD BOOK NUMBER
International Standard Book Number 9789386296832
Terms of availability 85.00
035 ## - SYSTEM CONTROL NUMBER
System control number EN-102404
037 ## - SOURCE OF ACQUISITION
Source of stock number/acquisition DBAD/PUB
082 ## - DEWEY DECIMAL CLASSIFICATION NUMBER
Classification number 485
245 ## - TITLE STATEMENT
Title English in use :
Remainder of title a course in communication skills and soft skills-1 /
260 ## - PUBLICATION, DISTRIBUTION, ETC. (IMPRINT)
Place of publication, distribution, etc Telangana
Name of publisher, distributor, etc Orient Blackswan
Date of publication, distribution, etc 2016
270 ## - ADDRESS
Address 3-6-752 Himayatnagar, Hyderabad-500029, Telangana, India
300 ## - PHYSICAL DESCRIPTION
Extent 119p
Dimensions 24cm.(pbk)
505 ## - FORMATTED CONTENTS NOTE
Formatted contents note Prepared for semester II, foundation course 4 communication skills and soft skills-1 (CSS-1) as per the revised andhra pradesh common core syllabus
942 ## - ADDED ENTRY ELEMENTS (KOHA)
Source of classification or shelving scheme Dewey Decimal Classification
Item type English Books
Classification part 485
Call number suffix ENG
Holdings
Withdrawn status Lost status Not for loan Collection code Home library Current library Date acquired Source of acquisition Cost, normal purchase price Full call number Barcode Copy number Cost, replacement price Koha item type
    Not For Loan Non-fiction D.B.Act.Division Bawana 19/06/2017 DBAD/PUB 85.00 485 ENG EN-102404 1 85.00 English Books

© Delhi Public Library
Hit Counter
free hit counter